000 00773nam a2200265Ia 4500
003 OSt
005 20220918202527.0
006 a|||||r|||| 00| 0
007 ta
008 220917b |||||||| |||| 00| 0 eng d
024 _a101,909
037 _cTextual
040 _aARTS
_cARTS
_beng
041 _2eng
_aeng
082 _aV247:51N, M0
100 _aMohammad Yasin Ed.
_9104197
245 0 _aHistory of the freedom struggle in Jammu and Kashmir
260 _aNew Delhi
_bLight and Life Publishers
_c1980
300 _ax, 256p.
_ccm.
500 _aBibliography p243--244
650 _aHISTORY
700 _a Rafiqi A Quiyum Ed.
_9104198
942 _hV247:51N, M0
_cTEXL
_2CC
999 _c225369
_d225369